000
00327nam a22001457a 4500
003
SGT
020
_a
9788121904711
082
_a
515.3
_b
NAR
100
_a
NARAYAN, SHANTI
245
_a
DIFFERENTIAL CALCULUS
260
_a
INDIA
_b
S.CHAND PUB.
_c
2025
300
_a
572
650
_a
DIFFERENTIAL CALCULUS
942
_2
ddc
_c
BK
999
_c
32890
_d
32890